|
|
|
|
| LEADER |
00000nab a2200000 a 4500 |
| 001 |
vtls011125546 |
| 003 |
SK-MaSNL |
| 005 |
20260304000535.0 |
| 008 |
230222|2011 xo |||||||||||||||||eng| |
| 015 |
|
|
|a SNBRB
|
| 035 |
|
|
|a (uuid)743728a7-dfda-44f9-9165-3590127280f6
|
| 035 |
|
|
|a (urnnbn)urn:nbn:sk:snk:ar-a099vg
|
| 035 |
|
|
|a urn:nbn:sk:snk-aba2ig
|
| 040 |
|
|
|a SNKBUCL
|b slo
|c SNKBUCL
|e AACR2
|
| 041 |
0 |
|
|a eng
|
| 044 |
|
|
|a xo
|c SK
|
| 100 |
1 |
|
|a Novák, Jiří
|4 aut
|9 358612
|
| 245 |
1 |
0 |
|a SPECIFIC BIOLOGICAL EFFECTS OF URBAN DUST SAMPLES-SEASONAL VARIATION
|c Jiří Novák, Anita Érseková, Vladimír Adamec, John P. Giesy
|
| 700 |
1 |
|
|a Érseková, Anita
|4 aut
|9 1276223
|
| 700 |
1 |
|
|a Adamec, Vladimír
|4 aut
|9 279345
|
| 700 |
1 |
|
|a Giesy, John P
|4 aut
|9 259154
|
| 773 |
0 |
|
|t Acta Environmentalica Universitatis Comenianae (Bratislava)
|g Roč. 19, č. Supplement 1 (2011), s. 247-250
|
| 958 |
|
|
|a OND
|
| 958 |
|
|
|a EUIPO
|
| 958 |
|
|
|a article13
|
| 999 |
|
|
|c 2531742
|d 2533672
|